|
|
|
|
| LEADER |
00000cmm a22000007a 4500 |
| 001 |
000312 |
| 003 |
UAHC_CL |
| 005 |
20221005120306.0 |
| 008 |
210825s2021 cl o d 000 spa |
| 040 |
|
|
|a UAHC_CL
|c UAHC_CL
|d UAHC_CL
|
| 100 |
|
|
|a Gaete, Maximiliano
|9 14041
|
| 245 |
|
|
|a Discursos sobre las memorias que rodean a la Preba de chalupas en la fiesta del Nazareno de Caguach
|c Maximiliano Gaete ; profesora guía Andrea Seelenfreund.
|
| 260 |
|
|
|a Santiago, Chile :
|b Universidad Academia de Humanismo Cristiano,
|c 2021.
|
| 300 |
|
|
|a 87 páginas.
|
| 500 |
|
|
|a Tesis para obtener el grado de Licenciado/a en Antropología. Tesis para optar al título de Antropólogo/a Social.
|
| 502 |
|
|
|a Tesis (Antropología) -- Universidad Academia de Humanismo Cristiano, 2021.
|
| 516 |
|
|
|a Tesis electrónica (PDF). Solicitar envío de documento a biblioteca@academia.cl.
|
| 520 |
|
|
|a Esta investigación se realizó en el marco de mi tesis para optar al título de Antropólogo en la Universidad Academia de Humanismo Cristiano. Para el desarrollo de esta investigación se ha planteado como objetivo el realizar una caracterización y análisis de las memorias que rodean a la preba de chalupas en la fiesta del Nazareno de Caguach en la comuna de Quinchao, provincia de Chiloé, Región de Los Lagos.
|
| 651 |
|
0 |
|9 14042
|a Chiloé (Chile)
|x Vida religiosa y costumbres
|
| 651 |
|
0 |
|9 14043
|a Quinchao (Chiloé, Chile)
|
| 700 |
|
|
|9 13303
|a Seelenfreund Hirsh, Andrea
|e profesora guía
|
| 856 |
|
|
|u http://bibliotecadigital.academia.cl/xmlui/handle/123456789/5721
|y Disponible en línea (PDF). Biblioteca Digital UAHC
|
| 900 |
|
|
|a TANT 278
|
| 942 |
|
|
|c TS
|2 ddc
|
| 952 |
|
|
|0 0
|1 0
|4 0
|6 TANT_278_000000000000000
|7 0
|8 COMP
|9 94735
|a BC
|b BC
|c Digital
|d 2021-08-25
|l 0
|o TANT 278
|r 2021-08-25 00:00:00
|w 2021-08-25
|y TS
|z Documento en PDF
|B ANT
|
| 999 |
|
|
|c 54323
|d 54323
|